书目信息 |
| 题名: |
神经教育学
|
|
| 作者: | 唐孝威 , 秦金亮 主编 | |
| 分册: | ||
| 出版信息: | 杭州 浙江大学出版社 2016 |
|
| 页数: | 236页 | |
| 开本: | 24cm | |
| 丛书名: | ||
| 单 册: | ||
| 中图分类: | Q189-05 | |
| 科图分类: | ||
| 主题词: | 神经科学--shen jing ke xue--教育学 | |
| 电子资源: | ||
| ISBN: | 978-7-308-16001-8 | |
| 000 | 01066nam0 22002771 450 | |
| 001 | 0102164930 | |
| 005 | 20170502164930.0 | |
| 010 | @a978-7-308-16001-8@dCNY42.00 | |
| 100 | @a20161122d2016 em y0chiy50 ea | |
| 101 | 0 | @achi |
| 102 | @aCN@b330000 | |
| 105 | @aa z 000yy | |
| 106 | @ar | |
| 200 | 1 | @a神经教育学@9shen jing jiao yu xue@e心智、脑与教育的集成@f唐孝威,秦金亮主编@g秦金亮等著 |
| 210 | @a杭州@c浙江大学出版社@d2016 | |
| 215 | @a236页@c图@d24cm | |
| 300 | @a浙江省哲学社会培育研究基地浙江师范大学儿童研究院课题成果 | |
| 300 | @a脑与教育 | |
| 330 | @a全书共由八章构成,分别对神经教育学的主要方面,包括神经教育学概述、教育的神经基础、脑与德育、脑与智育、脑与体育、脑与美育以及神经教育学的未来等进行系统阐释。 | |
| 517 | 1 | @a心智、脑与教育的集成@9xin zhi nao yu jiao yu de ji cheng |
| 606 | 0 | @a神经科学@9shen jing ke xue@x教育学 |
| 690 | @aQ189-05@v5 | |
| 701 | 0 | @a唐孝威@9tang xiao wei@f(1931~)@4主编 |
| 701 | 0 | @a秦金亮@9qin jin liang@f(1966.10~)@4主编@4著 |
| 801 | 0 | @aCN@b百万庄@c20170308 |
| 905 | @b1003132-7@dQ189-05@e202@f6 | |
| 神经教育学:心智、脑与教育的集成/唐孝威,秦金亮主编/秦金亮等著.-杭州:浙江大学出版社,2016 |
| 236页:图;24cm |
| 浙江省哲学社会培育研究基地浙江师范大学儿童研究院课题成果.-脑与教育 |
| ISBN 978-7-308-16001-8:CNY42.00 |
| 全书共由八章构成,分别对神经教育学的主要方面,包括神经教育学概述、教育的神经基础、脑与德育、脑与智育、脑与体育、脑与美育以及神经教育学的未来等进行系统阐释。 |
| ● |
| 相关链接 |
|
|
|
|
正题名:神经教育学
索取号:Q189-05/202
 
预约/预借
| 序号 | 登录号 | 条形码 | 馆藏地/架位号 | 状态 | 备注 |
| 1 | 1003132 | 210031320 | 第二样本阅览室/ [索取号:Q189-05/202] | 在馆 | |
| 2 | 1003133 | 210031339 | 教育系资料室/ [索取号:Q189-05/202] | 在馆 | |
| 3 | 1003134 | 210031348 | 教育系资料室/ [索取号:Q189-05/202] | 在馆 | |
| 4 | 1003135 | 210031357 | 教育系资料室/ [索取号:Q189-05/202] | 在馆 | |
| 5 | 1003136 | 210031366 | 第三借阅区/ [索取号:Q189-05/202] | 在馆 | |
| 6 | 1003137 | 210031375 | 第三借阅区/ [索取号:Q189-05/202] | 在馆 |